[Event "IECG CP.2006.P.00014 email"]
[Site "IECG email"]
[Date "2006.10.01"]
[Round "?"]
[White "Chatzisotiriou, Petros"]
[Black "Sapronov, Vitaliy S"]
[Result "1-0"]
[WhiteElo "1405"]
[BlackElo "2026"]
[PlyCount "39"]
[EventDate "2006.10.01"]
[EventType "tourn (corr)"]
[EventRounds "6"]
[SourceTitle "Corr 2011"]
[Source "ChessBase"]
[SourceDate "2010.08.31"]
[SourceVersion "1"]
[SourceVersionDate "2010.08.31"]
[SourceQuality "1"]

1. d4 d5 2. c4 c6 3. cxd5 cxd5 4. Nc3 Nf6 5. Nf3 Nc6 6. e3 Bg4 7. Be2 e6 8. 0-0 Bd6 9. h3 Bh5 10. Nh4 Bxe2 11. Qxe2 0-0 12. Qb5 a6 13. Qa4 b5 14. Qd1 b4 15. Na4 Ne4 16. Nf3 Qa5 17. Bd2 Nxd2 18. Nxd2 Rac8 19. Rc1 Na7 20. Qb3 1-0

[Event "IECG CP.2003.Q.00023 email"]
[Site "IECG email"]
[Date "2005.01.15"]
[Round "?"]
[White "Kunzmann, Hector AT"]
[Black "Sapronov, Vitaliy S"]
[Result "0-1"]
[WhiteElo "2110"]
[BlackElo "1970"]
[PlyCount "56"]
[EventDate "2005.01.15"]
[EventType "tourn (corr)"]
[EventRounds "6"]
[SourceTitle "Corr 2008"]
[Source "ChessBase"]
[SourceDate "2008.06.24"]
[SourceVersion "1"]
[SourceVersionDate "2008.06.24"]
[SourceQuality "1"]

1. d4 d5 2. c4 c6 3. Nf3 Nf6 4. Nc3 e6 5. Bg5 h6 6. Bxf6 Qxf6 7. e3 Nd7 8. Bd3 dxc4 9. Bxc4 Bd6 10. 0-0 Qe7 11. Ne4 Bc7 12. Rc1 0-0 13. Qc2 Rd8 14. Rfd1 Nf6 15. Nxf6+ Qxf6 16. Ne5 Bd7 17. Qe4 a5 18. f4 Bd6 19. Rf1 g6 20. Qf3 Qh4 21. e4 Be8 22. Qe3 Bb8 23. Kh1 a4 24. f5 c5 25. fxe6 cxd4 26. exf7+ Bxf7 27. Bxf7+ Kg7 28. Nf3 dxe3 0-1

[Event "IECG CP.2003.Q.00023 email"]
[Site "IECG email"]
[Date "2005.01.15"]
[Round "?"]
[White "Sapronov, Vitaliy S"]
[Black "Marino, Maurizio"]
[Result "1-0"]
[WhiteElo "1970"]
[BlackElo "2113"]
[PlyCount "39"]
[EventDate "2005.01.15"]
[EventType "tourn (corr)"]
[EventRounds "6"]
[SourceTitle "Corr 2008"]
[Source "ChessBase"]
[SourceDate "2008.06.24"]
[SourceVersion "1"]
[SourceVersionDate "2008.06.24"]
[SourceQuality "1"]

1. d4 Nf6 2. Nf3 e6 3. Bf4 c5 4. e3 d5 5. c3 Nc6 6. Bd3 b6 7. 0-0 Bb7 8. Nbd2 Be7 9. h3 c4 10. Bc2 b5 11. e4 0-0 12. e5 Nd7 13. Nh2 b4 14. Qg4 Re8 15. Ndf3 Nf8 16. Qh5 Qb6 17. Ng5 Bxg5 18. Bxg5 bxc3 19. bxc3 Qb2 20. Rfc1 1-0

[Event "IECG CP.2003.Q.00023 email"]
[Site "IECG email"]
[Date "2005.01.15"]
[Round "?"]
[White "Wheeler, James M"]
[Black "Sapronov, Vitaliy S"]
[Result "1/2-1/2"]
[WhiteElo "2222"]
[BlackElo "1970"]
[PlyCount "62"]
[EventDate "2005.01.15"]
[EventType "tourn (corr)"]
[EventRounds "6"]
[SourceTitle "Corr 2008"]
[Source "ChessBase"]
[SourceDate "2008.06.24"]
[SourceVersion "1"]
[SourceVersionDate "2008.06.24"]
[SourceQuality "1"]

1. d4 d5 2. Nf3 Nf6 3. c4 c6 4. Nc3 e6 5. Bg5 Nbd7 6. e3 h6 7. Bh4 Qa5 8. cxd5 Nxd5 9. Qb3 c5 10. Bc4 N7b6 11. Bb5+ Bd7 12. Bxd7+ Nxd7 13. 0-0 Nxc3 14. Qxc3 Qxc3 15. bxc3 Bd6 16. Nd2 Rc8 17. Rfd1 Bb8 18. Rab1 b6 19. Rdc1 f5 20. f3 g5 21. Bf2 Ke7 22. h3 Rc6 23. Nb3 Rhc8 24. a4 cxd4 25. cxd4 Rc2 26. Be1 Nf6 27. Bd2 Bg3 28. Kf1 Nd5 29. Ke2 R8c3 30. Rxc2 Rxc2 31. Kd3 Ra2 1/2-1/2

[Event "IECG CB.2004.0.00118 email"]
[Site "IECG email"]
[Date "2004.07.14"]
[Round "?"]
[White "Lehnert, Ronald"]
[Black "Sapronov, Vitaliy S"]
[Result "1-0"]
[WhiteElo "1996"]
[BlackElo "1974"]
[PlyCount "57"]
[EventDate "2004.07.14"]
[EventType "tourn (corr)"]
[EventRounds "6"]
[SourceTitle "Corr 2008"]
[Source "ChessBase"]
[SourceDate "2008.06.24"]
[SourceVersion "1"]
[SourceVersionDate "2008.06.24"]
[SourceQuality "1"]

1. d4 d5 2. c4 c6 3. Nf3 Nf6 4. e3 e6 5. Nbd2 Nbd7 6. Bd3 dxc4 7. Nxc4 Bb4+ 8. Bd2 Qe7 9. e4 b6 10. 0-0 Bxd2 11. Qxd2 0-0 12. e5 Nd5 13. Nd6 f6 14. Qc2 fxe5 15. Qxc6 exd4 16. Rfe1 Nf4 17. Qxa8 Qxd6 18. Qe4 Nxd3 19. Qxd3 e5 20. Qe4 Rf4 21. Qa8 Rf8 22. Rac1 Ba6 23. Qxa7 Bb5 24. Qc7 Qf6 25. a4 Nc5 26. axb5 e4 27. b4 exf3 28. bxc5 d3 29. Qe5 1-0

[Event "IECG CB.2004.0.00118 email"]
[Site "IECG email"]
[Date "2004.07.14"]
[Round "?"]
[White "Sanchez Carol, Jesus"]
[Black "Sapronov, Vitaliy S"]
[Result "1/2-1/2"]
[WhiteElo "1879"]
[BlackElo "1974"]
[PlyCount "50"]
[EventDate "2004.07.14"]
[EventType "tourn (corr)"]
[EventRounds "6"]
[SourceTitle "Corr 2008"]
[Source "ChessBase"]
[SourceDate "2008.06.24"]
[SourceVersion "1"]
[SourceVersionDate "2008.06.24"]
[SourceQuality "1"]

1. e4 e5 2. Nf3 Nc6 3. Bc4 Nf6 4. d3 Be7 5. 0-0 0-0 6. Re1 h6 7. c3 d6 8. Bb3 Re8 9. Nbd2 Bf8 10. h3 Na5 11. Ba4 Bd7 12. d4 b5 13. Bc2 c5 14. b3 Nc6 15. d5 Ne7 16. a4 a6 17. axb5 axb5 18. Rxa8 Qxa8 19. Nh4 g5 20. Nhf3 Ng6 21. Nh2 Nf4 22. Ndf1 Bg7 23. Qf3 h5 24. Ne3 Qa2 25. Nhf1 Ra8 1/2-1/2

[Event "IECG CB.2004.0.00118 email"]
[Site "IECG email"]
[Date "2004.07.14"]
[Round "?"]
[White "Sapronov, Vitaliy S"]
[Black "Naasen, Nils"]
[Result "1-0"]
[WhiteElo "1974"]
[BlackElo "1800"]
[PlyCount "101"]
[EventDate "2004.07.14"]
[EventType "tourn (corr)"]
[EventRounds "6"]
[SourceTitle "Corr 2008"]
[Source "ChessBase"]
[SourceDate "2008.06.24"]
[SourceVersion "1"]
[SourceVersionDate "2008.06.24"]
[SourceQuality "1"]

1. e4 c5 2. Nf3 d6 3. d4 cxd4 4. Nxd4 Nf6 5. Nc3 g6 6. Be3 Bg7 7. f3 0-0 8. Bc4 Nc6 9. Qd2 Nd7 10. h4 Nb6 11. Bb3 Na5 12. Qd3 Nxb3 13. axb3 d5 14. Nde2 Be6 15. 0-0-0 dxe4 16. Qxe4 Qc7 17. h5 Bf5 18. Qh4 gxh5 19. g4 hxg4 20. fxg4 Bg6 21. Nf4 Qc6 22. Qxe7 Rae8 23. Qc5 Qf3 24. Rh3 Qxg4 25. Rg1 Qf5 26. Qxf5 Bxf5 27. Bd4 f6 28. Rhg3 Rf7 29. Bxf6 Bg6 30. Nxg6 Rxf6 31. Nh4 Re7 32. Ne4 Rxe4 33. Rxg7+ Kf8 34. Rxh7 Rf7 35. Rh5 Ke7 36. Nf5+ Ke6 37. Ng7+ Ke7 38. Rh8 Re5 39. Re8+ Kd6 40. Rg6+ Kd5 41. c4+ Ke4 42. Ne6 Ke3 43. Rg1 Kf2 44. Rd1 Nd7 45. Rd2+ Ke3 46. Rh8 Rxe6 47. Rh3+ Rf3 48. Rxf3+ Kxf3 49. Rxd7 Rb6 50. Kc2 Ke4 51. Kc3 1-0

[Event "IECG CB.2004.0.00118 email"]
[Site "IECG email"]
[Date "2004.07.14"]
[Round "?"]
[White "Sapronov, Vitaliy S"]
[Black "Ziffer, Fernando Walter"]
[Result "1-0"]
[WhiteElo "1974"]
[BlackElo "1800"]
[PlyCount "57"]
[EventDate "2004.07.14"]
[EventType "tourn (corr)"]
[EventRounds "6"]
[SourceTitle "Corr 2008"]
[Source "ChessBase"]
[SourceDate "2008.06.24"]
[SourceVersion "1"]
[SourceVersionDate "2008.06.24"]
[SourceQuality "1"]

1. e4 e5 2. Nf3 Nf6 3. Nc3 Nc6 4. Bb5 Bc5 5. 0-0 0-0 6. Nxe5 Nxe5 7. d4 Bd6 8. dxe5 Bxe5 9. Qf3 c6 10. Bd3 d6 11. Bd2 Qb6 12. h3 Qxb2 13. Rab1 Qa3 14. Ne2 Qxa2 15. Qe3 d5 16. f4 Bb2 17. e5 d4 18. Nxd4 Nd5 19. Qf2 Nc3 20. Bxc3 Bxc3 21. Nf3 Qa5 22. Kh1 h6 23. Qe3 Re8 24. Rb3 Kf8 25. Be2 Bb4 26. Qe4 c5 27. Qh7 c4 28. Bxc4 Qc5 29. Bd3 1-0

[Event "IECG CB.2003.0.00085 email"]
[Site "IECG email"]
[Date "2003.06.20"]
[Round "1"]
[White "Garcia, Baldomero"]
[Black "Sapronov, Vitaliy S"]
[Result "0-1"]
[WhiteElo "1945"]
[BlackElo "1984"]
[PlyCount "39"]
[EventDate "2003.06.20"]
[EventType "tourn (corr)"]
[EventRounds "6"]
[SourceTitle "Corr 2008"]
[Source "ChessBase"]
[SourceDate "2008.06.24"]
[SourceVersion "1"]
[SourceVersionDate "2008.06.24"]
[SourceQuality "1"]

1. c4 e6 2. g3 d5 3. Bg2 Nf6 4. Nf3 Be7 5. 0-0 0-0 6. Qc2 c5 7. d4 cxd4 8. Nxd4 Nc6 9. Nxc6 bxc6 10. Rd1 Bc5 11. e3 Qe7 12. b3 Rd8 13. Nc3 Bb7 14. Bb2 Rac8 15. Na4 Bd6 16. c5 Bc7 17. b4 Ba6 18. Nc3 Bc4 19. Ne4 Nxe4 20. Be5 0-1

[Event "IECG CP.2001.P.00055"]
[Site "IECG email"]
[Date "2001.10.01"]
[Round "?"]
[White "Sapronov, Vitaliy S"]
[Black "Pramanik, Prasenjit"]
[Result "0-1"]
[WhiteElo "2019"]
[BlackElo "800"]
[PlyCount "35"]
[EventDate "2001.10.01"]
[EventType "tourn (corr)"]
[EventRounds "6"]
[SourceTitle "Corr 2008"]
[Source "ChessBase"]
[SourceDate "2008.06.24"]
[SourceVersion "1"]
[SourceVersionDate "2008.06.24"]
[SourceQuality "1"]

1. e4 e5 2. Nf3 Nf6 3. Nxe5 d6 4. Nf3 Nxe4 5. d4 d5 6. Bd3 Be7 7. 0-0 Nc6 8. Re1 Bg4 9. c4 Nf6 10. cxd5 Nxd5 11. Nc3 0-0 12. h3 Be6 13. a3 Bf6 14. Be4 h6 15. Bc2 Re8 16. Qd3 Kf8 17. Ba4 Ndb4 18. axb4 0-1

[Event "IECG LA.2001.0.00001 email"]
[Site "IECG email"]
[Date "2001.05.29"]
[Round "?"]
[White "Kluge, Thomas"]
[Black "Sapronov, Vitaliy S"]
[Result "1-0"]
[WhiteElo "2050"]
[BlackElo "2031"]
[PlyCount "55"]
[EventDate "2001.05.29"]
[EventType "tourn (corr)"]
[EventRounds "14"]
[SourceTitle "Corr 2008"]
[Source "ChessBase"]
[SourceDate "2008.06.24"]
[SourceVersion "1"]
[SourceVersionDate "2008.06.24"]
[SourceQuality "1"]

1. c4 f5 2. g3 Nf6 3. Bg2 e5 4. Nc3 c6 5. d4 d6 6. Nf3 e4 7. Ng5 d5 8. cxd5 Nxd5 9. 0-0 Be7 10. Nh3 0-0 11. Qb3 Kh8 12. Rd1 a5 13. Nf4 Nxc3 14. bxc3 a4 15. Qc2 g5 16. Nh3 b5 17. c4 b4 18. d5 h6 19. Rb1 Qc7 20. d6 Bxd6 21. c5 b3 22. axb3 axb3 23. Rxb3 Be5 24. Bb2 Nd7 25. Rd6 Bf6 26. g4 fxg4 27. Qxe4 gxh3 28. Qg6 1-0

[Event "IECG LA.2001.0.00001 email"]
[Site "IECG email"]
[Date "2001.05.29"]
[Round "?"]
[White "Sapronov, Vitaliy S"]
[Black "Tallone, Carlos Alberto"]
[Result "0-1"]
[WhiteElo "2031"]
[BlackElo "2000"]
[PlyCount "82"]
[EventDate "2001.05.29"]
[EventType "tourn (corr)"]
[EventRounds "14"]
[SourceTitle "Corr 2008"]
[Source "ChessBase"]
[SourceDate "2008.06.24"]
[SourceVersion "1"]
[SourceVersionDate "2008.06.24"]
[SourceQuality "1"]

1. e4 c5 2. Nf3 d6 3. d4 cxd4 4. Nxd4 Nf6 5. Nc3 a6 6. Bg5 e6 7. f4 b5 8. e5 dxe5 9. fxe5 Qc7 10. Qe2 Nfd7 11. 0-0-0 Bb7 12. Nxe6 fxe6 13. Qh5+ g6 14. Qg4 Qxe5 15. Bd3 Nc5 16. Bxb5+ Nc6 17. Qh4 axb5 18. Bf6 Qe3+ 19. Kb1 Qh6 20. Qxh6 Bxh6 21. Bxh8 Ke7 22. Bd4 Nxd4 23. Rxd4 Bxg2 24. Re1 Bg7 25. Rh4 Bxc3 26. Rxh7+ Kd6 27. bxc3 Bd5 28. Rg7 Ne4 29. Re3 Ra3 30. Rxg6 Nxc3+ 31. Kc1 Be4 32. Rg4 Nxa2+ 33. Kd2 Rxe3 34. Kxe3 Bxc2 35. Kd2 Bf5 36. Rg8 b4 37. h4 Nc3 38. Rb8 Ne4+ 39. Ke3 Kc5 40. h5 Kc4 41. h6 Nd6 0-1

[Event "IECG L1.2000.0.00016 email"]
[Site "IECG email"]
[Date "2000.08.14"]
[Round "?"]
[White "Ros, Antonio"]
[Black "Sapronov, Vitaliy S"]
[Result "1-0"]
[WhiteElo "2165"]
[BlackElo "2150"]
[PlyCount "65"]
[EventDate "2000.08.14"]
[EventType "tourn (corr)"]
[EventRounds "14"]
[SourceTitle "Corr 2008"]
[Source "ChessBase"]
[SourceDate "2008.06.24"]
[SourceVersion "1"]
[SourceVersionDate "2008.06.24"]
[SourceQuality "1"]

1. e4 e5 2. Nf3 Nc6 3. Bb5 a6 4. Ba4 Nf6 5. 0-0 Be7 6. Re1 b5 7. Bb3 d6 8. c3 0-0 9. h3 h6 10. d4 Re8 11. Nbd2 Bf8 12. Nf1 Bb7 13. Ng3 Na5 14. Bc2 Nc4 15. b3 Nb6 16. a4 d5 17. Nxe5 dxe4 18. Bb2 c5 19. Nxe4 Nxe4 20. Bxe4 Bxe4 21. Rxe4 bxa4 22. Qf3 Qd5 23. c4 Qb7 24. dxc5 Bxc5 25. Rae1 axb3 26. Ng4 Rxe4 27. Rxe4 Qc6 28. Nf6+ Kf8 29. Re8+ Qxe8 30. Nxe8 Rxe8 31. Qxb3 Re1+ 32. Kh2 Re6 33. Ba3 1-0

[Event "IECG C1.2000.0.00297"]
[Site "IECG email"]
[Date "2000.07.20"]
[Round "?"]
[White "Sapronov, Vitaliy S"]
[Black "Ivanov, Hristo V"]
[Result "1/2-1/2"]
[WhiteElo "2150"]
[BlackElo "2107"]
[PlyCount "95"]
[EventDate "2000.07.20"]
[EventType "tourn (corr)"]
[EventRounds "6"]
[SourceTitle "Corr 2008"]
[Source "ChessBase"]
[SourceDate "2008.06.24"]
[SourceVersion "1"]
[SourceVersionDate "2008.06.24"]
[SourceQuality "1"]

1. e4 c5 2. Nf3 Nc6 3. d4 cxd4 4. Nxd4 Nf6 5. Nc3 e5 6. Ndb5 d6 7. Bg5 a6 8. Na3 b5 9. Bxf6 gxf6 10. Nd5 f5 11. g3 Bg7 12. Bg2 f4 13. c3 0-0 14. Nc2 Be6 15. 0-0 Rc8 16. gxf4 exf4 17. Nxf4 b4 18. Nxe6 fxe6 19. Nxb4 Nxb4 20. cxb4 Bxb2 21. Rb1 Bg7 22. f4 Rc4 23. f5 Qe7 24. Kh1 Rd4 25. Qb3 Re8 26. a3 Be5 27. Rbc1 Rd2 28. fxe6 Qxe6 29. Qxe6+ Rxe6 30. Rc8+ Kg7 31. Rc7+ Kg8 32. Ra7 Rg6 33. Rc1 Kh8 34. Rc8+ Rg8 35. Rxg8+ Kxg8 36. Bf1 Rxh2+ 37. Kg1 Bd4+ 38. Kxh2 Bxa7 39. Bxa6 Kg7 40. a4 Bd4 41. Kg3 Kf6 42. Bb7 Bc3 43. b5 Ba5 44. Kf4 h5 45. Bd5 Bd8 46. Bc6 Bc7 47. Bd5 Bd8 48. Bc6 1/2-1/2

[Event "IECG C1.2000.0.00297"]
[Site "IECG email"]
[Date "2000.07.20"]
[Round "?"]
[White "Sapronov, Vitaliy S"]
[Black "Popovic, Antonije"]
[Result "1/2-1/2"]
[WhiteElo "2150"]
[BlackElo "2050"]
[PlyCount "55"]
[EventDate "2000.07.20"]
[EventType "tourn (corr)"]
[EventRounds "6"]
[SourceTitle "Corr 2008"]
[Source "ChessBase"]
[SourceDate "2008.06.24"]
[SourceVersion "1"]
[SourceVersionDate "2008.06.24"]
[SourceQuality "1"]

1. e4 e5 2. Nf3 Nc6 3. Bb5 a6 4. Bxc6 dxc6 5. 0-0 Bg4 6. h3 h5 7. d3 Qf6 8. Nbd2 Ne7 9. Re1 Ng6 10. d4 Bd6 11. hxg4 hxg4 12. Nh2 Rxh2 13. Qxg4 Qh4 14. Qxh4 Rxh4 15. Nf3 Rh5 16. dxe5 Nxe5 17. Nxe5 Bxe5 18. c3 0-0-0 19. Be3 g5 20. Rad1 Rdh8 21. Kf1 g4 22. Rd2 Rh1+ 23. Ke2 Rxe1+ 24. Kxe1 Rh1+ 25. Ke2 Rh2 26. Kf1 Rh1+ 27. Ke2 Rh2 28. Kf1 1/2-1/2

[Event "IECG C1.1999.0.00245"]
[Site "IECG email"]
[Date "1999.11.21"]
[Round "?"]
[White "Batres Bianchi, Luis Carlos"]
[Black "Sapronov, Vitaliy S"]
[Result "1/2-1/2"]
[WhiteElo "2087"]
[BlackElo "2150"]
[PlyCount "121"]
[EventDate "1999.11.21"]
[EventType "tourn (corr)"]
[EventRounds "6"]
[SourceTitle "Corr 2008"]
[Source "ChessBase"]
[SourceDate "2008.06.24"]
[SourceVersion "1"]
[SourceVersionDate "2008.06.24"]
[SourceQuality "1"]

1. e4 e5 2. Nf3 Nc6 3. Bb5 a6 4. Bxc6 dxc6 5. h3 Qd6 6. d3 Be7 7. Be3 Be6 8. 0-0 0-0-0 9. Nbd2 Bf6 10. Qe2 Ne7 11. b3 h6 12. Nc4 Bxc4 13. bxc4 c5 14. a4 Nc6 15. Nd2 g5 16. Qh5 Rd7 17. Rfb1 Bg7 18. a5 Rhd8 19. Nb3 Nd4 20. Ra2 c6 21. Rab2 Kb8 22. Qg4 Bf8 23. Nxd4 cxd4 24. Bd2 Qf6 25. Rb3 Be7 26. R1b2 Bc5 27. g3 Qe6 28. Qd1 Qxh3 29. Qb1 Ka8 30. Rxb7 Ba7 31. R7b3 Rf8 32. Bb4 c5 33. Ba3 f5 34. Qf1 Qxf1+ 35. Kxf1 fxe4 36. dxe4 Rdf7 37. c3 Rf3 38. cxd4 exd4 39. Rxf3 Rxf3 40. e5 Rf7 41. e6 Re7 42. Re2 g4 43. Re4 h5 44. Ke2 Kb7 45. f4 gxf3+ 46. Kxf3 Kc6 47. Kf4 Bb8+ 48. Kg5 Bxg3 49. Kxh5 Bc7 50. Bc1 Bxa5 51. Kg6 d3 52. Kf6 Bd8 53. Bd2 a5 54. Re5 Ra7+ 55. Kf5 a4 56. Rd5 Bh4 57. Rxd3 a3 58. Bf4 Be7 59. Be5 a2 60. Rd1 Ra6 61. Ke4 1/2-1/2

[Event "IECG C1.1999.0.00245"]
[Site "IECG email"]
[Date "1999.11.21"]
[Round "?"]
[White "Sapronov, Vitaliy S"]
[Black "Franke, Stanley"]
[Result "1-0"]
[WhiteElo "2150"]
[BlackElo "1813"]
[PlyCount "91"]
[EventDate "1999.11.21"]
[EventType "tourn (corr)"]
[EventRounds "6"]
[SourceTitle "Corr 2008"]
[Source "ChessBase"]
[SourceDate "2008.06.24"]
[SourceVersion "1"]
[SourceVersionDate "2008.06.24"]
[SourceQuality "1"]

1. e4 e5 2. Nf3 Nc6 3. Bb5 a6 4. Bxc6 dxc6 5. 0-0 Bg4 6. h3 h5 7. d3 Qf6 8. Nbd2 Ne7 9. Re1 Ng6 10. d4 Bd6 11. hxg4 hxg4 12. Nh2 Rxh2 13. Qxg4 Rh4 14. Qf5 Rf4 15. Qxf6 Rxf6 16. Nf3 Re6 17. Bd2 Kf8 18. Bc3 Rae8 19. dxe5 Nxe5 20. Nd4 Rg6 21. Kf1 Bc5 22. Nb3 Bd6 23. Bxe5 Bxe5 24. c3 Rd6 25. Rad1 Red8 26. Ke2 b6 27. Nc1 g6 28. Nd3 Bg7 29. Nb4 Rxd1 30. Rxd1 Rxd1 31. Kxd1 Ke7 32. Nxa6 Kd6 33. Nb4 Ke5 34. f3 Kd6 35. a4 Be5 36. Kd2 Bf4+ 37. Kd3 Bc1 38. b3 Bf4 39. Kc4 Be5 40. Nd3 Bh2 41. b4 Bg1 42. a5 bxa5 43. bxa5 Ba7 44. f4 f6 45. e5+ Ke7 46. Nb4 1-0

[Event "IECG C1.1999.0.00245"]
[Site "IECG email"]
[Date "1999.11.21"]
[Round "?"]
[White "Sapronov, Vitaliy S"]
[Black "Michaud, Gerald"]
[Result "1-0"]
[WhiteElo "2150"]
[BlackElo "2050"]
[PlyCount "57"]
[EventDate "1999.11.21"]
[EventType "tourn (corr)"]
[EventRounds "6"]
[SourceTitle "Corr 2008"]
[Source "ChessBase"]
[SourceDate "2008.06.24"]
[SourceVersion "1"]
[SourceVersionDate "2008.06.24"]
[SourceQuality "1"]

1. d4 Nf6 2. Nc3 d5 3. Bg5 Nbd7 4. g3 c6 5. Bg2 g6 6. Qd2 Bg7 7. 0-0-0 Qa5 8. Kb1 b5 9. Nxd5 Qxd2 10. Nxf6+ Bxf6 11. Bxd2 Bb7 12. Ba5 Nb6 13. Bxb6 axb6 14. e4 0-0 15. e5 Bg7 16. Ne2 Ra7 17. a3 Rfa8 18. c3 e6 19. f4 Kf8 20. g4 Ke7 21. Ng3 Kd7 22. h4 Kc7 23. h5 Rh8 24. hxg6 fxg6 25. Be4 c5 26. Bxb7 Rxb7 27. dxc5 bxc5 28. Ne4 Bf8 29. Ng5 1-0